|
|
|
|
| LEADER |
00000caa a22000002c 4500 |
| 001 |
1525870793 |
| 003 |
DE-627 |
| 005 |
20220604104729.0 |
| 007 |
tu |
| 008 |
160223s1994 xx ||||| 00| ||ger c |
| 020 |
|
|
|a 3929124025
|
| 035 |
|
|
|a (DE-627)1525870793
|
| 035 |
|
|
|a (DE-576)455870799
|
| 035 |
|
|
|a (DE-599)BSZ455870799
|
| 040 |
|
|
|a DE-627
|b ger
|c DE-627
|e rakwb
|
| 041 |
|
|
|a ger
|
| 100 |
1 |
|
|a Pfeiffer, Christian
|d 1944-
|0 (DE-588)121966348
|0 (DE-627)081651929
|0 (DE-576)293022240
|4 aut
|
| 109 |
|
|
|a Pfeiffer, Christian 1944-
|a Pfeiffer, C. 1944-
|a Pfeiffer 1944-
|
| 245 |
1 |
0 |
|a Täter-Opfer-Ausgleich als Beispiel kommunikativer Rechtsfindung. Entstehungsgründe, Erfahrungen und kriminalpolitische Perspektiven
|c Christian Pfeiffer
|
| 264 |
|
1 |
|c 1994
|
| 336 |
|
|
|a Text
|b txt
|2 rdacontent
|
| 337 |
|
|
|a ohne Hilfsmittel zu benutzen
|b n
|2 rdamedia
|
| 338 |
|
|
|a Band
|b nc
|2 rdacarrier
|
| 773 |
0 |
8 |
|i In
|t Aussergerichtliche Streitbeilegung
|d Hamburg : Dt.-Japan. Juristenvereinigung, 1994
|g (1993), Seite 73-97
|h 131 S
|w (DE-627)155435337
|w (DE-576)040629341
|z 3929124025
|7 nnam
|
| 773 |
1 |
8 |
|g year:1993
|g pages:73-97
|
| 935 |
|
|
|a mkri
|
| 951 |
|
|
|a AR
|
| ELC |
|
|
|b 1
|
| LOK |
|
|
|0 000 xxxxxcx a22 zn 4500
|
| LOK |
|
|
|0 001 289933610X
|
| LOK |
|
|
|0 003 DE-627
|
| LOK |
|
|
|0 004 1525870793
|
| LOK |
|
|
|0 005 20260119155007
|
| LOK |
|
|
|0 008 160208||||||||||||||||ger|||||||
|
| LOK |
|
|
|0 040
|a DE-21-110
|c DE-627
|d DE-21-110
|
| LOK |
|
|
|0 689
|a s
|a Täter-Opfer-Ausgleich
|
| LOK |
|
|
|0 689
|a s
|a Entwicklung
|
| LOK |
|
|
|0 852
|a DE-21-110
|
| LOK |
|
|
|0 852 1
|m p
|9 00
|
| LOK |
|
|
|0 935
|a k110
|
| LOK |
|
|
|0 938
|k p
|
| LOK |
|
|
|0 939
|a 08-02-16
|b l01
|
| ORI |
|
|
|a SA-MARC-krimdoka001.raw
|